000 00512nam a2200169Ia 4500
008 230714s9999 xx 000 0 und d
020 _a9790000000000
041 _aeng
082 _a004
_bRED
100 _aReddy E.S.
_9197578
245 _aGATE Computer Science And Information Technology
_bThe Complete Reference
260 _c2012
_bBS Publications
300 _a1425
365 _cRs.
_b895.00
700 _aReddy E.S. & Ramesh J.V.N.
_9197579
906 _dO:0453422-Jul-2015B:IN 57710-Jul-2015
_cCOMP
_b895
999 _c215387
_d215387